[Event "Sudest Regional-ch"]
[Site "Pindamonhangaba"]
[Date "2025.03.21"]
[Round "3"]
[White "Shukair, Said Nahi"]
[Black "Kanno, Danilo"]
[Result "1-0"]
[WhiteElo "1628"]
[BlackElo "1800"]
[PlyCount "39"]
[EventDate "2025.03.20"]
[EventType "swiss"]
[EventRounds "6"]
[EventCountry "BRA"]
[SourceTitle "CB13_2025"]
[SourceDate "2025.03.26"]
[SourceVersion "1"]
[SourceVersionDate "2025.03.26"]
[SourceQuality "1"]

1. d4 Nf6 2. c4 g6 3. Nc3 Bg7 4. e4 d6 5. f3 0-0 6. Be3 Nbd7 7. Qd2 c5 8. d5 a6 9. h4 Rb8 10. 0-0-0 Ne5 11. Be2 Bd7 12. g4 b5 13. h5 b4 14. Nb1 b3 15. a3 Be8 16. hxg6 fxg6 17. Bh6 Nfd7 18. Bxg7 Kxg7 19. Qh6+ Kf6 20. g5+ 1-0